<?xml version="1.0" encoding="UTF-8"?><?xml-stylesheet type="text/xsl" href="static/style.xsl"?><OAI-PMH xmlns="http://www.openarchives.org/OAI/2.0/" xmlns:xsi="http://www.w3.org/2001/XMLSchema-instance" xsi:schemaLocation="http://www.openarchives.org/OAI/2.0/ http://www.openarchives.org/OAI/2.0/OAI-PMH.xsd"><responseDate>2026-04-13T02:59:37Z</responseDate><request verb="GetRecord" identifier="oai:www.recercat.cat:10459.1/71826" metadataPrefix="marc">https://recercat.cat/oai/request</request><GetRecord><record><header><identifier>oai:recercat.cat:10459.1/71826</identifier><datestamp>2024-12-04T15:29:23Z</datestamp><setSpec>com_2072_3622</setSpec><setSpec>col_2072_478537</setSpec></header><metadata><record xmlns="http://www.loc.gov/MARC21/slim" xmlns:dcterms="http://purl.org/dc/terms/" xmlns:xsi="http://www.w3.org/2001/XMLSchema-instance" xmlns:doc="http://www.lyncode.com/xoai" xsi:schemaLocation="http://www.loc.gov/MARC21/slim http://www.loc.gov/standards/marcxml/schema/MARC21slim.xsd">
   <leader>00925njm 22002777a 4500</leader>
   <datafield ind2=" " ind1=" " tag="042">
      <subfield code="a">dc</subfield>
   </datafield>
   <datafield ind2=" " ind1=" " tag="720">
      <subfield code="a">Morales Collada, Eduardo Manuel</subfield>
      <subfield code="e">author</subfield>
   </datafield>
   <datafield ind2=" " ind1=" " tag="260">
      <subfield code="c">2021-09-08T11:57:57Z</subfield>
   </datafield>
   <datafield ind2=" " ind1=" " tag="260">
      <subfield code="c">2021-09-08T11:57:57Z</subfield>
   </datafield>
   <datafield ind2=" " ind1=" " tag="260">
      <subfield code="c">2021-05</subfield>
   </datafield>
   <datafield ind2=" " ind1=" " tag="520">
      <subfield code="a">Antecedentes: el término “anciano frágil”, apareció por primera vez en 1980 en EEUU. Desde entonces, ha producido cierta controversia, debido a que no existe un consenso claro y universal de cómo definirlo. Tras la revisión de la literatura científica se ha demostrado la efectividad del entrenamiento multicomponente sobre este síndrome, convirtiéndose en su principal tratamiento.&#xd;
Objetivo: evaluar el efecto del ejercicio físico compuesto por el entrenamiento multicomponente y las terapias breves conductuales para revertir y/o frenar el síndrome de la fragilidad en personas entre 70 y 80 años en la ciudad de Igualada.&#xd;
Método: la intervención llevada a cabo se basará en la implementación de un programa multicomponente e intervenciones de terapias conductuales breves. Este proyecto será llevado a cabo por un equipo multidisciplinar, formado por profesionales de enfermería, fisioterapia y educación física.&#xd;
Conclusiones: actualmente, la fragilidad supone un gran reto a nivel mundial, la falta de un consenso universal para esclarecer su importancia y significado pone de manifiesto el grave problema al que se enfrenta la nueva época de la medicina y los cuidados.&#xd;
Tras revisar la literatura científica, se cree, que se deben crear programas óptimos, con un mayor rigor y adaptación, buscando de esta forma no solo una mejora motora o física, sino también, del aspecto psicosocial y de la calidad de vida del anciano.</subfield>
   </datafield>
   <datafield ind2=" " ind1=" " tag="520">
      <subfield code="a">Background: the term "frail elderly" appeared for the first time in 1980 in the USA. Since then, it has produced some controversy, due to the fact that there isn´t clear and universal consensus on how to define it. After reviewing the scientific literature, the effectiveness of multicomponent training on this syndrome has been demonstrated, becoming its main treatment.&#xd;
Objective: to evaluate the effect of physical exercise composed of multicomponent training and brief behavioral therapies to reverse and/or stop the frailty syndrome in people between 70 and 80 years old in the city of Igualada.&#xd;
Method: the intervention carried out will be based on the implementation of a multicomponent program and brief behavioral therapy interventions. This project will be carried out by a multidisciplinary team, formed by nursing, physiotherapy and physical education professionals.&#xd;
Conclusions: currently, frailty is a major challenge worldwide, the lack of a universal consensus to clarify its importance and meaning highlights the serious problem facing the new era of medicine and care.&#xd;
After reviewing the scientific literature, it is believed that optimal programs should be created with greater rigor and adaptation. In this way, not only a motor or physical improvement is sought, but also the psychosocial aspect and the quality of life of the elderly.</subfield>
   </datafield>
   <datafield ind1="8" ind2=" " tag="024">
      <subfield code="a">http://hdl.handle.net/10459.1/71826</subfield>
   </datafield>
   <datafield tag="653" ind2=" " ind1=" ">
      <subfield code="a">Adulto mayor</subfield>
   </datafield>
   <datafield tag="653" ind2=" " ind1=" ">
      <subfield code="a">Fragilidad</subfield>
   </datafield>
   <datafield tag="653" ind2=" " ind1=" ">
      <subfield code="a">Entrenamiento multicomponente</subfield>
   </datafield>
   <datafield tag="653" ind2=" " ind1=" ">
      <subfield code="a">Taichi</subfield>
   </datafield>
   <datafield tag="653" ind2=" " ind1=" ">
      <subfield code="a">Older adult</subfield>
   </datafield>
   <datafield tag="653" ind2=" " ind1=" ">
      <subfield code="a">Frailty</subfield>
   </datafield>
   <datafield tag="653" ind2=" " ind1=" ">
      <subfield code="a">Multicomponent training</subfield>
   </datafield>
   <datafield tag="653" ind2=" " ind1=" ">
      <subfield code="a">Taichi</subfield>
   </datafield>
   <datafield tag="653" ind2=" " ind1=" ">
      <subfield code="a">Persones grans</subfield>
   </datafield>
   <datafield tag="653" ind2=" " ind1=" ">
      <subfield code="a">Teràpies corporals</subfield>
   </datafield>
   <datafield tag="653" ind2=" " ind1=" ">
      <subfield code="a">Exercici terapèutic</subfield>
   </datafield>
   <datafield ind2="0" ind1="0" tag="245">
      <subfield code="a">Programa de entrenamiento multicomponente y terapias breves como intervención para revertir y/o frenar el síndrome de la fragilidad en ancianos de entre 70 y 80 años</subfield>
   </datafield>
</record></metadata></record></GetRecord></OAI-PMH>